| 000 | 00676nam a2200241Ia 4500 | ||
|---|---|---|---|
| 001 | 21009 | ||
| 003 | DO-CoUTE | ||
| 005 | 20260204212549.0 | ||
| 008 | 220104s9999 dr 000 0 spa d | ||
| 020 | _a950-550-242-7 | ||
| 040 |
_aDO-CoUTE _bspa _cDO-CoUTE |
||
| 041 | 0 | _aspa | |
| 082 | _a372.3 Z12t | ||
| 100 | 1 | _aZabala R, Horacio | |
| 245 | 1 | 0 | _aTecnologia para docentes : Respuestas educativas / Horacio R. Zabala |
| 260 | _aBuenos aires,Argentina : Editorial magistero | ||
| 300 | _a174 páginas | ||
| 500 | _aPolinodal | ||
| 700 | 1 | _aLedo de Albuso, Susana E. | |
| 942 |
_2ddc _cBK |
||
| 999 |
_c20560 _d20560 |
||